| 000 | 00772nam a22002177a 4500 | ||
|---|---|---|---|
| 999 |
_c18169 _d18169 |
||
| 003 | AR-CdUCM | ||
| 008 | 190513b ||||| |||| 00| 0 spa d | ||
| 040 |
_aMUNICIPALIDAD PROVINCIAL DEL CUSCO _cBIBLIOTECA MUNICIPAL DEL CUSCO |
||
| 082 |
_a333.185 / _bE32 |
||
| 110 |
_aDesco _93190 |
||
| 245 | _aSituación actual y perspectivas del problema agrario en el Perú / | ||
| 260 |
_aLima : _bDesco, _c1982 |
||
| 300 |
_a535 páginas _c21 cm. |
||
| 505 | _aContenido : Los recursos naturales en el agro -- Los recursos naturales renovables de la Amazonia y su uso -- Comentarios ... | ||
| 650 |
_aSociales _928612 |
||
| 650 |
_aNaturaleza _94241 |
||
| 650 |
_aPerú _935 |
||
| 700 |
_aEguren, Fernando (Editor) _938607 |
||
| 942 |
_2ddc _cLIBROS |
||
| 945 |
_arah _d2019/05/13 |
||